Financial services laws of Ghana : (Record no. 7493)

MARC details
000 -LEADER
fixed length control field 00957cam a22001694a 4500
020 ## - INTERNATIONAL STANDARD BOOK NUMBER
ISBN 9964502974
050 00 - CALL NUMBER
Classification number KRX885
Item number .A933
100 1# - AUTHOR
Personal name Addeah, Kwaku.
245 10 - TITLE
Title Financial services laws of Ghana :
Remainder of title stakeholders handbook /
Statement of responsibility, etc Kwaku Addeah.
260 ## - PUBLICATION INFORMATION
Place of publication [Accra] :
Name of publisher Waterville Pub. House,
Year of publication 2010.
300 ## - DESCRIPTION
Number of Pages xlv, 357 p. :
Other physical details ill. ;
Dimensions 24 cm.
500 ## - NOTES
General note Includes index.
505 ## - FORMATTED CONTENTS NOTE
Table of Content 1. General introduction to Ghana's financial law<br/>2. How banking law affect stakeholders<br/>3. Centrality of stakeholders and the law in banking business <br/>4. Rural banking stakeholders and the law <br/>5. Overview of non- banking financial institutions law<br/>6. Leasing operation law <br/>7. Money lending operations law<br/>8. Non- Deposit- Taking microfinance service law<br/>9. Credit union law<br/>10. Money transfer <br/>11. Forex bureau law<br/>12. Mortgage finance operations
650 #0 - SUBJECTS
Topical Term Financial services industry
General subdivision Law and legislation
650 #0 - SUBJECTS
Topical Term Banking law
942 ## - ADDED ENTRY ELEMENTS (KOHA)
Koha item type Books
Holdings
Withdrawn status Lost status Collection code Home library Current library Shelving location Date acquired Full call number Accession Number Koha item type
    Reference Methodist University Library Main Methodist University Library Main General Stacks 22/12/2012 KRX885 .A933 36006 Books
    Reference Methodist University Library Main Methodist University Library Main General Stacks 22/12/2012 KRX885 .A933 36007 Books
    Reference Methodist University Library Main Methodist University Library Main General Stacks 22/12/2012 KRX885 .A933 36005 Books
Copyright © 2026  MUG Library